[Event "CRO Cup"]
[Site "Mali Losinj"]
[Date "2017.05.12"]
[Round "4.9"]
[White "Podravec, Kresimir"]
[Black "Livaic, Damir"]
[Result "1-0"]
[WhiteElo "2171"]
[BlackElo "2020"]
[PlyCount "80"]
[EventDate "2017.05.10"]
[EventType "team-swiss"]
[EventRounds "6"]
[EventCountry "CRO"]
[SourceTitle "CBM 178 Extra"]
[Source "ChessBase"]
[SourceDate "2017.06.22"]
[SourceVersion "1"]
[SourceVersionDate "2017.06.22"]
[SourceQuality "1"]
[WhiteTeam "Zagreb Caissa"]
[BlackTeam "Novo Virje Konaki"]
[WhiteTeamCountry "CRO"]
[BlackTeamCountry "CRO"]

1. e4 c6 2. d4 d5 3. exd5 Qxd5 4. Nc3 Qe6+ 5. Be3 Nf6 6. h3 Nd5 7. Nxd5 Qxd5 8. Nf3 Bf5 9. Be2 e6 10. 0-0 Be7 11. c4 Qa5 12. a3 0-0 13. b4 Qc7 14. Qb3 Nd7 15. Rfd1 Rad8 16. Rac1 Qb8 17. Bd3 Bxd3 18. Rxd3 a6 19. a4 e5 20. Nd2 exd4 21. Bxd4 Ne5 22. Bxe5 Qxe5 23. Rxd8 Rxd8 24. Nf3 Qf4 25. Re1 Bf6 26. b5 axb5 27. axb5 c5 28. Qc2 g6 29. Re3 Ra8 30. g3 Qc7 31. Qe2 Ra1+ 32. Kg2 Qa5 33. Re8+ Kg7 34. Rb8 Qc7 35. Qe8 Kh6 36. g4 g5 37. Rc8 Qf4 38. Qxf7 Ra3 39. Qd5 Rc3 40. Rxc5 Rc2 1-0

[Event "CRO-chT2 Center 25th"]
[Site "Croatia"]
[Date "2016.11.06"]
[Round "11.16"]
[White "Horvatic, Zvonko"]
[Black "Livaic, Damir"]
[Result "1-0"]
[WhiteElo "1884"]
[BlackElo "2062"]
[PlyCount "96"]
[EventDate "2016.03.13"]
[EventType "team-tourn"]
[EventRounds "11"]
[EventCountry "CRO"]
[SourceTitle "EXT 2019"]
[Source "ChessBase"]
[SourceDate "2018.10.10"]
[SourceVersion "1"]
[SourceVersionDate "2018.10.10"]
[SourceQuality "1"]

1. e4 c6 2. d4 d5 3. Nc3 dxe4 4. Nxe4 Nf6 5. Nxf6+ gxf6 6. Nf3 Bg4 7. Be2 Qc7 8. h3 Bh5 9. 0-0 e6 10. c3 Nd7 11. Re1 0-0-0 12. b4 Rg8 13. a4 Bd6 14. b5 Rg7 15. bxc6 Qxc6 16. Kh1 Rdg8 17. Rg1 Qe4 18. Be3 Bxf3 19. Bxf3 Qh4 20. Rb1 Rg3 21. Qf1 Nb6 22. c4 Bc7 23. d5 exd5 24. cxd5 R3g6 25. d6 Bxd6 26. a5 Nd7 27. Bxb7+ Kd8 28. Rd1 f5 29. Rd4 f4 30. Bd5 Qf6 31. Be4 fxe3 32. fxe3 Qe5 33. Rxd6 Rxd6 34. Qxf7 Rg7 35. Qc4 Nc5 36. Bxh7 Rdd7 37. Bc2 Qxe3 38. Bf5 Qd4 39. Qb5 Rb7 40. Qc6 Rgc7 41. Qg6 Re7 42. Qc6 Rec7 43. Qg6 Nd7 44. Qg8+ Ke7 45. Qe6+ Kd8 46. Qg8+ Ke7 47. Re1+ Kd6 48. Bg4 Kc5 1-0

[Event "CRO-chT2 Center 25th"]
[Site "Croatia"]
[Date "2016.04.17"]
[Round "6.46"]
[White "Livaic, Damir"]
[Black "Maslac, Zvonimir"]
[Result "1-0"]
[WhiteElo "2079"]
[BlackElo "2059"]
[PlyCount "100"]
[EventDate "2016.03.13"]
[EventType "team-tourn"]
[EventRounds "11"]
[EventCountry "CRO"]
[SourceTitle "EXT 2019"]
[Source "ChessBase"]
[SourceDate "2018.10.10"]
[SourceVersion "1"]
[SourceVersionDate "2018.10.10"]
[SourceQuality "1"]

1. d4 Nf6 2. c4 d6 3. Nc3 c6 4. Nf3 Nbd7 5. Bf4 Qa5 6. Qd2 e5 7. Bg3 e4 8. Nxe4 Qf5 9. Nxd6+ Bxd6 10. Bxd6 Ne4 11. Qf4 Qe6 12. Bb4 f6 13. Rc1 a5 14. Ba3 b5 15. d5 cxd5 16. cxd5 Qxd5 17. Rd1 Qb7 18. Rd4 f5 19. Qxf5 Ndf6 20. Qe5+ Kf7 21. b3 Re8 22. Qf4 Qc6 23. Ng5+ Nxg5 24. Qxg5 Qc3+ 25. Qd2 Qa1+ 26. Bc1 Bf5 27. Qb2 Qxb2 28. Bxb2 Bb1 29. a4 bxa4 30. Rxa4 Reb8 31. e3 Rb4 32. Rxb4 axb4 33. Bc4+ Kg6 34. 0-0 Bf5 35. Ra1 Rxa1+ 36. Bxa1 Bc2 37. Bxf6 Kxf6 38. Kf1 g5 39. Ke2 Be4 40. f3 Bc6 41. e4 Ke5 42. Ke3 h5 43. g3 h4 44. gxh4 gxh4 45. f4+ Kd6 46. Kd4 Be8 47. e5+ Kc6 48. f5 Bh5 49. f6 Kd7 50. Kc5 Bg4 1-0

[Event "CRO-chT2 Center 25th"]
[Site "Croatia"]
[Date "2016.04.10"]
[Round "4.36"]
[White "Livaic, Damir"]
[Black "Kovacic, Damir"]
[Result "0-1"]
[WhiteElo "2079"]
[BlackElo "2018"]
[PlyCount "92"]
[EventDate "2016.03.13"]
[EventType "team-tourn"]
[EventRounds "11"]
[EventCountry "CRO"]
[SourceTitle "EXT 2019"]
[Source "ChessBase"]
[SourceDate "2018.10.10"]
[SourceVersion "1"]
[SourceVersionDate "2018.10.10"]
[SourceQuality "1"]

1. d4 c6 2. c4 Nf6 3. Nc3 d5 4. cxd5 cxd5 5. Bf4 a6 6. e3 e6 7. Bd3 Nc6 8. Rc1 Bd6 9. Bxd6 Qxd6 10. f4 0-0 11. Nf3 Ng4 12. Bxh7+ Kxh7 13. Ng5+ Kg8 14. Qxg4 f6 15. Nf3 e5 16. Qg3 exd4 17. Nxd4 Nxd4 18. exd4 Re8+ 19. Kf1 Qb4 20. Qf2 Bd7 21. Kg1 Rac8 22. h3 Qd6 23. Kh2 b5 24. Qf3 Bc6 25. Rce1 b4 26. Nd1 Re4 27. Rhf1 Bb5 28. Rxe4 dxe4 29. Qb3+ Bc4 30. Qc2 Qxd4 31. Re1 Re8 32. Ne3 Bxa2 33. Nf5 Qd5 34. Qa4 Re6 35. Ne3 Qb3 36. Qd7 Qd3 37. Qa7 Qd6 38. Rd1 Qxf4+ 39. Kh1 Kh7 40. Rd7 Qg5 41. g4 Rc6 42. Kg2 f5 43. Nxf5 Rg6 44. Qb8 Qxf5 45. Rd8 Qf3+ 46. Kh2 Rf6 0-1

[Event "CRO-chT2 Center 25th"]
[Site "Croatia"]
[Date "2016.03.13"]
[Round "1.66"]
[White "Spiranec, Noemi"]
[Black "Livaic, Damir"]
[Result "1/2-1/2"]
[WhiteElo "1912"]
[BlackElo "2074"]
[PlyCount "126"]
[EventDate "2016.03.13"]
[EventType "team-tourn"]
[EventRounds "11"]
[EventCountry "CRO"]
[SourceTitle "EXT 2019"]
[Source "ChessBase"]
[SourceDate "2018.10.10"]
[SourceVersion "1"]
[SourceVersionDate "2018.10.10"]
[SourceQuality "1"]

1. d4 Nf6 2. c4 e6 3. g3 c5 4. d5 exd5 5. cxd5 d6 6. Nc3 a6 7. a4 b6 8. Bg2 g6 9. Nf3 Bg7 10. 0-0 0-0 11. h3 Ra7 12. Bf4 Nh5 13. Bg5 f6 14. Be3 Bh8 15. Bh6 Re8 16. e4 Nd7 17. Nd2 Ne5 18. Be3 Nf7 19. Kh2 Ng7 20. Nc4 Ne5 21. Nd2 Rb7 22. f4 Nf7 23. Nc4 Rd7 24. Qb3 Rb7 25. Rfe1 h5 26. Bf2 Kh7 27. Qc2 Rbe7 28. Qb3 Rb7 29. Re2 Ree7 30. Qd1 b5 31. axb5 Rec7 32. bxa6 Rb4 33. a7 Bb7 34. Na5 Qa8 35. Nxb7 Rcxb7 36. Ra2 Rxa7 37. Qa1 Rxa2 38. Qxa2 Qb8 39. Nd1 Ne8 40. Be1 Rb7 41. Bc3 Ra7 42. Qb1 Qb5 43. Qc2 Bg7 44. Nf2 Re7 45. Bf3 Nc7 46. Kg2 Na6 47. e5 dxe5 48. Bxh5 f5 49. fxe5 Nxe5 50. Bf3 Nb4 51. Qd1 Qd7 52. Bxe5 Rxe5 53. Rxe5 Bxe5 54. b3 Qd6 55. g4 Bd4 56. gxf5 Nxd5 57. fxg6+ Qxg6+ 58. Kh1 Bxf2 59. Bxd5 Qf5 60. Bg2 Kh6 61. Qd6+ Kg7 62. Qe7+ Kh6 63. Qd6+ Kg7 1/2-1/2

[Event "CRO-chT2 Center"]
[Site "Croatia"]
[Date "2015.10.18"]
[Round "10.65"]
[White "Livaic, Damir"]
[Black "Nemec, Vjekoslav"]
[Result "1/2-1/2"]
[WhiteElo "2060"]
[BlackElo "2167"]
[PlyCount "30"]
[EventDate "2015.03.22"]
[EventType "team-tourn"]
[EventRounds "11"]
[EventCountry "CRO"]
[SourceTitle "EXT 2016"]
[Source "ChessBase"]
[SourceDate "2015.10.08"]
[SourceVersion "1"]
[SourceVersionDate "2015.10.08"]
[SourceQuality "1"]

1. d4 Nf6 2. c4 e6 3. g3 d5 4. Nf3 Bb4+ 5. Bd2 Bd6 6. cxd5 exd5 7. Nc3 0-0 8. Bg2 c6 9. 0-0 Re8 10. Rc1 Bf5 11. Nh4 Bg4 12. Nf3 Bf5 13. Nh4 Bg4 14. Nf3 Bf5 15. Nh4 Bg4 1/2-1/2

[Event "CRO-chT2 Center"]
[Site "Croatia"]
[Date "2015.04.12"]
[Round "4.46"]
[White "Livaic, Damir"]
[Black "Blaga, Marijan"]
[Result "1/2-1/2"]
[WhiteElo "2066"]
[BlackElo "2043"]
[PlyCount "89"]
[EventDate "2015.03.22"]
[EventType "team-tourn"]
[EventRounds "11"]
[EventCountry "CRO"]
[SourceTitle "EXT 2016"]
[Source "ChessBase"]
[SourceDate "2015.10.08"]
[SourceVersion "1"]
[SourceVersionDate "2015.10.08"]
[SourceQuality "1"]

1. c4 e5 2. Nc3 Nf6 3. d3 d5 4. cxd5 Nxd5 5. Nf3 Nc6 6. g3 f6 7. Bg2 Be6 8. 0-0 Nb6 9. b3 Be7 10. Bb2 0-0 11. Rc1 Rb8 12. Ne4 Bd5 13. Nc3 Be6 14. Qc2 Nb4 15. Qb1 c6 16. a3 Na6 17. b4 Nc7 18. Ne4 Na4 19. Ba1 Nb5 20. Bb2 Nxb2 21. Qxb2 Nd4 22. Nc5 Nxf3+ 23. Bxf3 Bf7 24. Rfd1 Qc8 25. d4 exd4 26. Rxd4 Bxc5 27. Rxc5 Rd8 28. b5 Qc7 29. Rxd8+ Qxd8 30. bxc6 bxc6 31. Qc2 Bg6 32. Be4 Qd4 33. Bxg6 hxg6 34. Rxc6 Qa1+ 35. Kg2 Qxa3 36. Qxg6 Qe7 37. Qd3 Rd8 38. Qc4+ Kh7 39. Qh4+ Kg8 40. Qc4+ Kh7 41. Rc7 Rd7 42. Qh4+ Kg8 43. Rc8+ Rd8 44. Qc4+ Kh7 45. Qh4+ 1/2-1/2

[Event "Velika Gorica op 11th"]
[Site "Velika Gorica"]
[Date "2013.08.23"]
[Round "5"]
[White "Livaic, Damir"]
[Black "Kristovic, Marijan"]
[Result "0-1"]
[WhiteElo "2043"]
[BlackElo "2284"]
[PlyCount "118"]
[EventDate "2013.08.19"]
[EventType "swiss"]
[EventRounds "9"]
[EventCountry "CRO"]
[SourceTitle "CBM 156 Extra"]
[Source "ChessBase"]
[SourceDate "2013.10.22"]
[SourceVersion "1"]
[SourceVersionDate "2013.10.22"]
[SourceQuality "1"]

1. c4 e5 2. Nc3 Nc6 3. g3 f5 4. Bg2 Nf6 5. d3 Bc5 6. e3 0-0 7. Nge2 Re8 8. 0-0 Bf8 9. Nd5 d6 10. Bd2 g6 11. Nec3 a6 12. Rc1 Bg7 13. b4 Ne7 14. Qb3 c6 15. Nxf6+ Bxf6 16. a4 Be6 17. e4 Qd7 18. a5 Rad8 19. Na4 Nc8 20. Be3 Rf8 21. exf5 gxf5 22. f4 exf4 23. Bxf4 Bd4+ 24. Kh1 Ne7 25. Nb6 Qe8 26. Bg5 Bf6 27. Be3 Qf7 28. Qa4 d5 29. b5 dxc4 30. dxc4 cxb5 31. cxb5 axb5 32. Qxb5 Nd5 33. Nxd5 Rxd5 34. Rc5 Rxc5 35. Bxc5 Bc4 36. Qb4 Bxf1 37. Bxf1 Qd5+ 38. Kg1 Rf7 39. Bb6 Kg7 40. g4 Re7 41. Qf4 Re4 42. Qxf5 Bd4+ 43. Bxd4+ Qxd4+ 44. Qf2 Rxg4+ 45. Bg2 Qa1+ 46. Qf1 Qxa5 47. h3 Qb6+ 48. Kh1 Rb4 49. Qa1+ Qf6 50. Qc1 Qe5 51. Qd1 Rd4 52. Qf3 b5 53. Qb7+ Kh6 54. Qc6+ Rd6 55. Qf3 Rf6 56. Qa3 Qe1+ 57. Kh2 b4 58. Qa5 Qd2 59. Qb5 Rg6 0-1

[Event "CRO-chT Cup 22nd"]
[Site "Bol"]
[Date "2013.05.24"]
[Round "4.64"]
[White "Tomasic, Roland"]
[Black "Livaic, Damir"]
[Result "1-0"]
[WhiteElo "2077"]
[BlackElo "2062"]
[PlyCount "55"]
[EventDate "2013.05.22"]
[EventType "team"]
[EventRounds "6"]
[EventCountry "CRO"]
[SourceTitle "CBM 154 Extra"]
[Source "ChessBase"]
[SourceDate "2013.06.25"]
[SourceVersion "2"]
[SourceVersionDate "2013.06.25"]
[SourceQuality "1"]
[WhiteTeam "Strigova Stridon"]
[BlackTeam "Velika Gorica"]
[WhiteTeamCountry "CRO"]
[BlackTeamCountry "CRO"]

1. e4 c6 2. d4 d5 3. e5 Bf5 4. Nc3 e6 5. g4 Bg6 6. Nge2 Qh4 7. Be3 Nh6 8. Bxh6 gxh6 9. Ng3 Be7 10. h3 Nd7 11. Nce2 Be4 12. Rg1 Bg5 13. f4 Bd8 14. Qd2 Bb6 15. 0-0-0 f5 16. exf6 Nxf6 17. g5 hxg5 18. fxg5 Nh5 19. Nxh5 Qxh5 20. Ng3 Qh4 21. Nxe4 Qxe4 22. Rg4 Qg6 23. Bd3 Qg7 24. Qe3 Kd7 25. g6 hxg6 26. Rxg6 Qxd4 27. Qxe6+ Kc7 28. Qd6+ 1-0

[Event "CRO Cup 21st"]
[Site "Sibenik"]
[Date "2012.05.18"]
[Round "4.113"]
[White "Livaic, Damir"]
[Black "Segovic, Goran"]
[Result "1-0"]
[WhiteElo "2064"]
[BlackElo "2176"]
[PlyCount "87"]
[EventDate "2012.05.16"]
[EventType "team-swiss"]
[EventRounds "6"]
[EventCountry "CRO"]
[SourceTitle "CBM 148 Extra"]
[Source "ChessBase"]
[SourceDate "2012.06.22"]
[SourceVersion "1"]
[SourceVersionDate "2012.06.22"]
[SourceQuality "1"]
[WhiteTeam "Velika Gorica"]
[BlackTeam "Varazdin"]
[WhiteTeamCountry "CRO"]
[BlackTeamCountry "CRO"]

1. c4 e5 2. Nc3 Nf6 3. Nf3 Nc6 4. g3 Bc5 5. d3 d6 6. Bg2 0-0 7. 0-0 h6 8. Na4 Be6 9. Nxc5 dxc5 10. b3 Qd6 11. Bb2 Nd7 12. Re1 Rad8 13. Qc2 Bf5 14. Qc3 Rfe8 15. Rad1 Nf8 16. Nd2 f6 17. Ne4 Qe7 18. Ba3 Ne6 19. Nxc5 Nxc5 20. Bxc6 bxc6 21. Qb4 e4 22. d4 e3 23. f3 g5 24. Qxc5 Qe6 25. d5 cxd5 26. Rxd5 Bh3 27. Red1 Rc8 28. Qd4 g4 29. f4 Qc6 30. Bb2 Re6 31. Qxa7 Rce8 32. Qc5 Qb7 33. b4 Rc6 34. Qd4 Qxb4 35. Rd8 Qe7 36. Qd5+ Kf8 37. Ba3 Qxa3 38. Rxe8+ Kxe8 39. Qxc6+ Kf7 40. Qxc7+ Kg6 41. Qc6 h5 42. Qe4+ Kh6 43. f5 h4 44. Qe8 1-0

[Event "Zagreb op-B"]
[Site "Zagreb"]
[Date "2012.03.07"]
[Round "3"]
[White "Matic, Zeljko"]
[Black "Livaic, Damir"]
[Result "1-0"]
[WhiteElo "2222"]
[BlackElo "2073"]
[PlyCount "59"]
[EventDate "2012.03.05"]
[EventType "swiss"]
[EventRounds "9"]
[EventCountry "CRO"]
[SourceTitle "CBM 147 Extra"]
[Source "ChessBase"]
[SourceDate "2012.04.24"]
[SourceVersion "1"]
[SourceVersionDate "2012.04.24"]
[SourceQuality "1"]

1. c4 c5 2. Nf3 Nf6 3. Nc3 Nc6 4. d4 cxd4 5. Nxd4 Qb6 6. Nc2 g6 7. e4 Bg7 8. Be2 h5 9. 0-0 d6 10. Re1 Bg4 11. Be3 Qd8 12. f3 Be6 13. Qd2 Rc8 14. Nd5 b6 15. Nd4 Nxd4 16. Bxd4 Bxd5 17. cxd5 0-0 18. Ba6 Rc7 19. Rac1 Nd7 20. Be3 Nc5 21. Bb5 a6 22. Bc6 Qb8 23. b4 Nd7 24. Qf2 b5 25. Bxd7 Rxd7 26. Rc6 Qa8 27. Bb6 f5 28. Qe3 fxe4 29. Qxe4 Rf5 30. Qe6+ 1-0

[Event "CRO-chT3A Center"]
[Site "Zagreb"]
[Date "2010.11.07"]
[Round "9.13"]
[White "Livaic, Damir"]
[Black "Balenovic, Zvonimir"]
[Result "0-1"]
[WhiteElo "2059"]
[BlackElo "2178"]
[PlyCount "94"]
[EventDate "2010.03.21"]
[EventType "team-tourn"]
[EventRounds "11"]
[EventCountry "CRO"]
[SourceTitle "EXT 2012"]
[Source "ChessBase"]
[SourceDate "2011.11.24"]
[SourceVersion "1"]
[SourceVersionDate "2011.11.24"]
[SourceQuality "1"]

1. d4 Nf6 2. c4 g6 3. Nf3 Bg7 4. g3 0-0 5. Bg2 d6 6. 0-0 Nbd7 7. Nc3 e5 8. d5 a5 9. Nd2 Nc5 10. Nb3 Nfd7 11. Nxc5 Nxc5 12. Ne4 Nxe4 13. Bxe4 b6 14. Rb1 f5 15. Bg2 f4 16. Qd3 Qf6 17. Bd2 Bf5 18. Be4 Bh3 19. Bg2 Bd7 20. b3 Rae8 21. Rbc1 Bf5 22. Qf3 g5 23. e4 Bc8 24. h3 Qh6 25. g4 Qh4 26. Qc3 f3 27. Bxf3 Qxh3 28. Be2 Bxg4 29. Qxh3 Bxh3 30. Rfe1 h6 31. Kh2 Bd7 32. Kg3 Rf6 33. Rh1 Ref8 34. Be3 Be8 35. Rh2 Bg6 36. f3 R8f7 37. Rch1 Bf8 38. a4 Bh7 39. Rh3 g4 40. Kxg4 Rg6+ 41. Kh5 Rg2 42. R3h2 Rfg7 43. Rxg2 Rxg2 44. Rg1 Bg6+ 45. Kh4 Rxe2 46. Rxg6+ Kf7 47. Rg4 Rxe3 0-1

[Event "Zagreb op-B"]
[Site "Zagreb"]
[Date "2010.02.28"]
[Round "5"]
[White "Mihalincic, Tomislav"]
[Black "Livaic, Damir"]
[Result "1-0"]
[WhiteElo "2215"]
[BlackElo "2059"]
[PlyCount "67"]
[EventDate "2010.02.25"]
[EventType "swiss"]
[EventRounds "9"]
[EventCountry "CRO"]
[SourceTitle "CBM 135 Extra"]
[Source "ChessBase"]
[SourceDate "2010.05.04"]
[SourceVersion "1"]
[SourceVersionDate "2010.05.04"]
[SourceQuality "1"]

1. e4 c6 2. d4 d5 3. Nc3 dxe4 4. Nxe4 Nf6 5. Nxf6+ exf6 6. c3 Qd5 7. Be3 Bd6 8. Nf3 Bg4 9. Be2 0-0 10. 0-0 Rd8 11. h3 Bh5 12. c4 Qa5 13. a3 Qc7 14. Qc1 b6 15. b4 c5 16. dxc5 bxc5 17. b5 Nd7 18. Rd1 Ne5 19. Ra2 Nxf3+ 20. Bxf3 Bxf3 21. gxf3 Qe7 22. Rd5 Qe6 23. Rad2 Be7 24. Bxc5 Rxd5 25. cxd5 Qc8 26. d6 Bd8 27. d7 Qc7 28. Rd5 h6 29. Qe3 Qb7 30. Qe8+ Kh7 31. Qe4+ Kg8 32. Re5 Qxe4 33. Rxe4 f5 34. Re8+ 1-0

[Event "Zagreb op-B"]
[Site "Zagreb"]
[Date "2010.02.27"]
[Round "3"]
[White "Livaic, Damir"]
[Black "Kalajzic, Ivan"]
[Result "0-1"]
[WhiteElo "2059"]
[BlackElo "2198"]
[PlyCount "102"]
[EventDate "2010.02.25"]
[EventType "swiss"]
[EventRounds "9"]
[EventCountry "CRO"]
[SourceTitle "CBM 135 Extra"]
[Source "ChessBase"]
[SourceDate "2010.05.04"]
[SourceVersion "1"]
[SourceVersionDate "2010.05.04"]
[SourceQuality "1"]

1. d4 d5 2. c4 Nc6 3. e3 e5 4. cxd5 Qxd5 5. Nc3 Bb4 6. Bd2 Bxc3 7. bxc3 Nf6 8. c4 Qd6 9. d5 Ne7 10. Qb3 a5 11. Nf3 Ne4 12. Bc1 Nc5 13. Qc3 Ng6 14. Ba3 0-0 15. h4 f6 16. h5 Ne7 17. Rb1 b6 18. Be2 Bf5 19. Rb5 Bd7 20. Rb2 Nf5 21. Nd2 a4 22. g4 Nh6 23. Rg1 Nf7 24. Qc2 Ng5 25. f3 Rfe8 26. e4 Nh3 27. Rg3 Nf4 28. Qc3 g6 29. Nb1 gxh5 30. gxh5+ Kf7 31. Qe3 Rg8 32. Rxg8 Rxg8 33. Bf1 Qf8 34. Rh2 Qh6 35. Kd2 Nb7 36. Kc2 Qg5 37. d6 Qg3 38. Rf2 c5 39. Qd2 Ne6 40. Rg2 Qxf3 41. Rf2 Qxe4+ 42. Bd3 Nd4+ 43. Kc3 Qh4 44. Bxh7 Rg3+ 45. Kb2 Nxd6 46. Qh6 Rb3+ 47. Ka1 Qxf2 48. Qg6+ Ke7 49. Qg7+ Kd8 50. h6 e4 51. Qf8+ Kc7 0-1

[Event "CRO-chT3"]
[Site "Zagreb"]
[Date "2009.04.26"]
[Round "6"]
[White "Dejanovic, Mladen"]
[Black "Livaic, Damir"]
[Result "1-0"]
[WhiteElo "2058"]
[BlackElo "2045"]
[PlyCount "55"]
[EventDate "2009.03.08"]
[EventType "team-tourn"]
[EventRounds "9"]
[EventCountry "CRO"]
[SourceTitle "EXT 2011"]
[Source "ChessBase"]
[SourceDate "2010.11.26"]
[SourceVersion "1"]
[SourceVersionDate "2010.11.26"]
[SourceQuality "1"]

1. e4 c6 2. d4 d5 3. Nc3 dxe4 4. Nxe4 Bf5 5. Ng3 Bg6 6. h4 h6 7. h5 Bh7 8. Nf3 Nf6 9. Bd3 Bxd3 10. Qxd3 e6 11. Ne5 Nbd7 12. f4 Bb4+ 13. c3 Bd6 14. Qe2 Qc7 15. Be3 Nd5 16. Ne4 Nxe3 17. Qxe3 Be7 18. 0-0-0 Nf6 19. Kb1 Nxe4 20. Qxe4 Bf6 21. f5 Bxe5 22. dxe5 0-0 23. f6 Rad8 24. Qg4 g5 25. hxg6 Rxd1+ 26. Rxd1 fxg6 27. Qxg6+ Kh8 28. Rh1 1-0

[Event "CRO-chT3"]
[Site "Zagreb"]
[Date "2009.03.15"]
[Round "2"]
[White "Livaic, Damir"]
[Black "Cvetkovic, Ivan"]
[Result "1-0"]
[WhiteElo "2045"]
[BlackElo "2046"]
[PlyCount "105"]
[EventDate "2009.03.08"]
[EventType "team-tourn"]
[EventRounds "9"]
[EventCountry "CRO"]
[SourceTitle "EXT 2011"]
[Source "ChessBase"]
[SourceDate "2010.11.26"]
[SourceVersion "1"]
[SourceVersionDate "2010.11.26"]
[SourceQuality "1"]

1. d4 d5 2. c4 Bf5 3. Nc3 e6 4. cxd5 exd5 5. Qb3 Nc6 6. Be3 Nf6 7. Nf3 Na5 8. Qa4+ c6 9. Bc1 Nc4 10. e3 b5 11. Qd1 b4 12. Na4 Bd6 13. Bd3 Ne4 14. Qe2 Nb6 15. Nxb6 axb6 16. Nd2 Qf6 17. Nxe4 dxe4 18. Bc4 0-0 19. h3 c5 20. g4 Bd7 21. b3 cxd4 22. Bb2 Be5 23. exd4 Bxd4 24. Bxd4 Qxd4 25. Rd1 Qc3+ 26. Qd2 Bc6 27. Qxc3 bxc3 28. a4 Rfd8 29. Ke2 e3 30. Rxd8+ Rxd8 31. Rc1 Bg2 32. Rxc3 Bxh3 33. f3 Kf8 34. Kxe3 f5 35. g5 Ke7 36. Kf4 Rd4+ 37. Kg3 Bg4 38. Re3+ Kd6 39. Rd3 Rxd3 40. Bxd3 Bh5 41. Bxf5 Bf7 42. b4 h6 43. g6 Be8 44. Bc2 Ke5 45. a5 bxa5 46. bxa5 Kd6 47. a6 Kc7 48. Bd3 Kb6 49. f4 Bd7 50. f5 Bxf5 51. Bxf5 Kxa6 52. Kf4 Kb6 53. Ke5 1-0

[Event "Velika Gorica op 8th"]
[Site "Velika Gorica"]
[Date "2008.08.27"]
[Round "6"]
[White "Livaic, Damir"]
[Black "Takac, Zvonko"]
[Result "0-1"]
[WhiteElo "1965"]
[BlackElo "2125"]
[PlyCount "118"]
[EventDate "2008.08.23"]
[EventType "swiss"]
[EventRounds "9"]
[EventCountry "CRO"]
[SourceTitle "CBM 126 Extra"]
[Source "ChessBase"]
[SourceDate "2008.11.05"]
[SourceVersion "1"]
[SourceVersionDate "2008.11.05"]
[SourceQuality "1"]

1. d4 f5 2. c4 b6 3. Nf3 Nf6 4. g3 Bb7 5. Bg2 e6 6. 0-0 Nc6 7. Ne5 Na5 8. d5 d6 9. Qa4+ Ke7 10. b4 dxe5 11. bxa5 exd5 12. a6 Bc8 13. cxd5 e4 14. Nc3 Kf7 15. Qc4 Bd6 16. f3 exf3 17. Rxf3 Re8 18. e4 b5 19. Nxb5 Rxe4 20. Qc6 Rb8 21. Be3 Be5 22. Rb1 Bd7 23. Qc5 Rxb5 24. Rxb5 Bxb5 25. Qxb5 Rxe3 26. Rxe3 Bd4 27. Qd3 Bxe3+ 28. Qxe3 Qb8 29. h3 Qb6 30. Kf2 Qxe3+ 31. Kxe3 Nd7 32. Kd4 Kf6 33. Bf1 g5 34. Bb5 Ne5 35. Kc5 Ke7 36. Be2 f4 37. gxf4 gxf4 38. Kd4 f3 39. Bb5 Kd6 40. Bf1 f2 41. Ke3 Kxd5 42. Kxf2 Kd4 43. Kg3 Nd3 44. Kf3 c5 45. Ke2 c4 46. Kd2 Nb4 47. Be2 Nxa6 48. Bg4 Nb4 49. a3 c3+ 50. Kc1 Nd5 51. Bf5 h6 52. Bh7 Ne3 53. Bg6 a5 54. Bh7 Nc4 55. a4 Nb2 56. Kc2 Nxa4 57. Kb3 Nc5+ 58. Ka3 Ke3 59. Ka2 Kd2 0-1

[Event "Velika Gorica op 8th"]
[Site "Velika Gorica"]
[Date "2008.08.26"]
[Round "5"]
[White "Raguz, Dario"]
[Black "Livaic, Damir"]
[Result "1/2-1/2"]
[WhiteElo "2124"]
[BlackElo "1965"]
[PlyCount "135"]
[EventDate "2008.08.23"]
[EventType "swiss"]
[EventRounds "9"]
[EventCountry "CRO"]
[SourceTitle "CBM 126 Extra"]
[Source "ChessBase"]
[SourceDate "2008.11.05"]
[SourceVersion "1"]
[SourceVersionDate "2008.11.05"]
[SourceQuality "1"]

1. e4 c6 2. d4 d5 3. Nc3 dxe4 4. Nxe4 Bf5 5. Ng3 Bg6 6. h4 h6 7. h5 Bh7 8. Nf3 Nd7 9. Bd3 Bxd3 10. Qxd3 Qc7 11. Bd2 e6 12. 0-0-0 Ngf6 13. c4 0-0-0 14. Qe2 Bd6 15. Ne4 Bf4 16. Rh4 Bxd2+ 17. Rxd2 Nxe4 18. Qxe4 Nf6 19. Qe5 Rd7 20. Qxc7+ Rxc7 21. Ne5 Kd8 22. Rd3 Ke7 23. Ra3 Ra8 24. c5 a6 25. Rg3 Kf8 26. Kc2 Rd8 27. Rb3 Rd5 28. Rf3 Re7 29. Kc3 Kg8 30. b4 Nd7 31. Nc4 Rg5 32. Ne3 Nf6 33. Rfh3 Nd5+ 34. Nxd5 exd5 35. g4 f5 36. gxf5 Rxf5 37. f4 Re2 38. a4 Rf2 39. Re3 R2xf4 40. Rxf4 Rxf4 41. Re8+ Rf8 42. Re7 Rf7 43. Re5 Rf3+ 44. Kb2 Kf7 45. b5 axb5 46. axb5 Rd3 47. bxc6 bxc6 48. Rf5+ Ke7 49. Rf4 Rh3 50. Rf5 Rg3 51. Rf4 Kd7 52. Kc2 Rg5 53. Rf7+ Kc8 54. Kd3 Rxh5 55. Rxg7 Rh4 56. Ke3 h5 57. Rh7 Re4+ 58. Kd3 h4 59. Rh8+ Kd7 60. Rh7+ Kc8 61. Kc3 Rg4 62. Kb4 Rxd4+ 63. Ka5 Re4 64. Kb6 Re6 65. Rxh4 Kd7 66. Rh7+ Kc8 67. Rh8+ Kd7 68. Rh7+ 1/2-1/2

[Event "Velika Gorica op 8th"]
[Site "Velika Gorica"]
[Date "2008.08.24"]
[Round "3"]
[White "Frank, Vladimir"]
[Black "Livaic, Damir"]
[Result "1/2-1/2"]
[WhiteElo "2268"]
[BlackElo "1965"]
[PlyCount "121"]
[EventDate "2008.08.23"]
[EventType "swiss"]
[EventRounds "9"]
[EventCountry "CRO"]
[SourceTitle "CBM 126 Extra"]
[Source "ChessBase"]
[SourceDate "2008.11.05"]
[SourceVersion "1"]
[SourceVersionDate "2008.11.05"]
[SourceQuality "1"]

1. Nf3 Nf6 2. c4 c5 3. Nc3 Nc6 4. d4 cxd4 5. Nxd4 g6 6. Nc2 Bg7 7. e4 d6 8. Be2 Be6 9. f3 0-0 10. Be3 Ne5 11. b3 Qa5 12. Qd2 Nfd7 13. Nd4 Nc6 14. Nxc6 bxc6 15. Rc1 Qb4 16. 0-0 a5 17. Rfd1 Rfb8 18. Nd5 Bxd5 19. cxd5 Qxd2 20. Rxd2 c5 21. Bd1 Nb6 22. a4 Nd7 23. Kf2 Ra7 24. f4 Rab7 25. Kf3 h6 26. g4 Rb4 27. h4 Kf8 28. g5 hxg5 29. hxg5 f6 30. Rg2 Kf7 31. Bd2 Rd4 32. Bc2 fxg5 33. Bc3 gxf4 34. Bxd4 cxd4 35. Rh1 d3 36. Bd1 Be5 37. Rh7+ Kf6 38. Rh6 Nf8 39. Rd2 Kg5 40. Rh1 Nd7 41. Rg2+ Kf6 42. Rh6 Nf8 43. Rh8 Kf7 44. Rh1 Rc8 45. Rd2 Rc3 46. Kg4 Nd7 47. Rh7+ Ke8 48. Rh3 Nf6+ 49. Kf3 g5 50. Kg2 Nxe4 51. Rdxd3 Rc1 52. Bh5+ Kf8 53. Bd1 Kg7 54. Rh1 g4 55. Rh5 Nf6 56. Bxg4 Nxh5 57. Bxh5 Kf6 58. Bf3 e6 59. dxe6 Kxe6 60. Bg4+ Kf6 61. Kf3 1/2-1/2